VYČLEŇOVANIE A TYPIZÁCIA GEOEKOLOGICKÝCH JEDNOTIEK JASKÝŇ S VYUŽITÍM MULTIVARIAČNÝCH ŠTATISTICKÝCH METÓD

Bibliographic Details
Main Author: Ratkovský, Štefan (Author)
Format: Article
Language:Slovak
Subjects:

MARC

LEADER 00000nab a2200000Iu 4500
001 vtls011499129
003 SK-MaSNL
005 20260304001124.0
008 230218|2013 xo |||||||||||||||||slo|
015 |a SNBRB 
035 |a (urnnbn)urn:nbn:sk:snk:ar-a0a9us 
035 |a (uuid)85f0644e-e2e5-4b05-819a-e9e840474094 
035 |a urn:nbn:sk:snk-abdu0e 
040 |a SNKBUCL  |b slo  |c SNKBUCL  |e AACR2 
041 0 |a slo 
044 |a xo  |c SK 
080 |a 502.5  |2 2011 
080 |a 551.442  |2 2011 
080 |a 519.23/.24  |2 2001 
080 |a 551.44  |2 2001 
100 1 |a Ratkovský, Štefan  |4 aut  |9 11333 
245 1 0 |a VYČLEŇOVANIE A TYPIZÁCIA GEOEKOLOGICKÝCH JEDNOTIEK JASKÝŇ S VYUŽITÍM MULTIVARIAČNÝCH ŠTATISTICKÝCH METÓD  |c Štefan Ratkovský 
246 3 |a Delimitation and typology of geoecological units in caves using multivariate statistical methods 
504 |a Bibliografické odkazy 
650 0 7 |a krajinná ekológia  |2 SNKPH  |9 3811 
650 0 7 |a jaskyne  |2 SNKPH  |9 20772 
650 0 7 |a štatistické metódy  |2 SNKPH  |9 779 
650 0 7 |a speleológia  |2 SNKPH  |9 17878 
773 0 |t Geografický časopis Slovenskej akadémie vied  |g Roč. 65, č. 2 (2013), s. [171]-185 
954 |a odborná, vedecká literatúra pôvodná (slovenská)  |2 lita 
958 |a NB 
958 |a OND 
958 |a EUIPO 
958 |a article20 
999 |c 2534813  |d 2536743